MARC

LEADER 00000nam1a2200000 4500
001 365922
005 20231102011830.0
020 |a RU  |b 85-7493и 
035 |a (RuTPU)RU\TPU\retro\23285 
090 |a 365922 
100 |a 20220126d1985 m y0rusy5003 ca 
101 0 |a rus 
102 |a RU 
200 1 |a Древнерусское декоративно-прикладное искусство в собрании Государственного Русского музея  |f И. И. Плешанова, Л. Д. Лихачева 
210 |a Москва  |c Искусство  |d 1985 
215 |a 223 с.  |c ил.  |d 33 см 
510 1 |a Old Russian decorative and applied art in the collection of the Russian Museum  |z eng 
606 1 |a Декоративно-прикладное искусство  |2 stltpush  |3 (RuTPU)RU\TPU\subj\9017  |9 36311 
610 1 |a Государственный Русский музей 
610 1 |a музейные собрания 
610 1 |a древнерусское прикладное искусство 
610 1 |a ювелирное искусство 
610 1 |a мелкая пластика 
610 1 |a деревянная скульптура 
610 1 |a текстиль 
610 1 |a резьба по камню 
610 1 |a резьба по кости 
675 |a 745  |v 3 
700 1 |a Плешанова  |b И. И.  |g Изилла Ивановна  |4 070 
701 1 |a Лихачева  |b Л. Д.  |g Людмила Дмитриевна  |4 070 
801 0 |a RU  |b RuMRKP  |c 19950704  |g psbo 
801 1 |a RU  |b 63413507  |c 20220126 
801 2 |a RU  |b 63413507  |c 20230316  |g RCR 
942 |c BK